000 00759cam a22002291 4500
001 sa 67003056
003 DLC
005 20260227112335.0
008 880912s1965 ii 000 0 eng
010 _asa 67003056
025 _aPL480:I-E-6798
035 _a(OCoLC)18472946
040 _aDLC
_cWaU
_dWaU
_dOCoLC
_dDLC
042 _apremarc
050 0 0 _aHJ66.M5
_bA15 no. 9
110 1 _aMaharashtra (India).
_bFinance Department.
245 1 0 _aMaharashtra contingent expenditure rules, 1965.
_bIncludes orders issued up to 31st March 1965.
260 _aNagpur,
_bGovt. Press,
_c1965.
300 _aiv, 188 p.
_c24 cm.
410 1 0 _aMaharashtra (India).
_tFinancial publications,
_vno. 9
651 0 _aMaharashtra (India)
_xAppropriations and expenditures.
999 _c73604
_d73604